[Event "POL-chT U19 2nd League"]
[Site "Iwonicz"]
[Date "2015.08.01"]
[Round "6.61"]
[White "Lascar, Radoslawa"]
[Black "Mytych, Rafal"]
[Result "0-1"]
[WhiteElo "1730"]
[BlackElo "1672"]
[PlyCount "74"]
[EventDate "2015.07.25"]
[EventType "team-swiss"]
[EventRounds "11"]
[EventCountry "POL"]
[SourceTitle "EXT 2019"]
[Source "ChessBase"]
[SourceDate "2018.10.10"]
[SourceVersion "1"]
[SourceVersionDate "2018.10.10"]
[SourceQuality "1"]
[WhiteTeam "Wroclaw MUKS MDK Srodmiescie U19 II"]
[BlackTeam "Malopolski Skoczek Sedziszow U19"]
[WhiteTeamCountry "POL"]
[BlackTeamCountry "POL"]

1. e4 c5 2. c3 Nf6 3. e5 Nd5 4. d4 cxd4 5. cxd4 Nc6 6. Nf3 d6 7. a3 Bf5 8. Qb3 Nb6 9. Bb5 d5 10. Nh4 Bd7 11. Qd3 e6 12. Nf3 a6 13. Bxc6 bxc6 14. Nc3 c5 15. dxc5 Bxc5 16. 0-0 h6 17. b3 0-0 18. a4 a5 19. Nb5 Bxb5 20. Qxb5 Nd7 21. Bd2 Rb8 22. Qd3 Qb6 23. Rab1 Rfc8 24. Bc3 Rb7 25. Kh1 Bxf2 26. Rxf2 Qxf2 27. Bxa5 Rc2 28. Bd2 Ra2 29. Qe3 Qxe3 30. Bxe3 Ra3 31. Nd2 Nxe5 32. Kg1 Nc4 33. Re1 Nxd2 34. Bxd2 Rbxb3 35. a5 Ra2 36. Rd1 Rbb2 37. Be1 Rxg2+ 0-1

[Event "POL-chT3 Podkarpackie"]
[Site "Pstragowa"]
[Date "2014.05.01"]
[Round "2.16"]
[White "Mytych, Rafal"]
[Black "Krynicki, Henryk"]
[Result "1-0"]
[WhiteElo "1572"]
[BlackElo "1712"]
[PlyCount "39"]
[EventDate "2014.04.30"]
[EventType "team-tourn"]
[EventRounds "9"]
[EventCountry "POL"]
[SourceTitle "EXT 2015"]
[Source "ChessBase"]
[SourceDate "2014.11.20"]
[SourceVersion "1"]
[SourceVersionDate "2014.11.20"]
[SourceQuality "1"]
[WhiteTeam "Sedziszow Malopolski"]
[BlackTeam "Ustrzyki Dolne"]
[WhiteTeamCountry "POL"]
[BlackTeamCountry "POL"]

1. e4 c5 2. Nf3 a6 3. d4 cxd4 4. Nxd4 Nf6 5. Bd3 e5 6. Nf3 d5 7. Bg5 dxe4 8. Bxf6 Qxf6 9. Bxe4 Nc6 10. 0-0 Bg4 11. Nc3 Rd8 12. Nd5 Qd6 13. Ne3 Qb8 14. Qe1 Bh5 15. c4 Bb4 16. Qb1 Nd4 17. Nxd4 exd4 18. Nd5 Rxd5 19. Bxd5 Be2 20. Qe4+ 1-0